000 00966nam a22002897a 4500
001 BR9402973
003 BR-BrBNA
005 20230928094038.0
007 ta
008 230509b bl.||||| |||| 00| 0 por d
040 _aBR-BrBNA
_bpor
_cBiblioteca Nacional de Agricultura
041 _a(Por)
072 _aL50
_b5120
090 _ 5120 BR9402973
100 1 _aCaldini, E.T.E.G.
110 1 _aUniversidade de Sao Paulo, SP (Brasil). Faculdade de Medicina Veterinaria e Zootecnia
_0Tese (Doutor em Patologia Experimental e Comparada)
_910560
245 1 _aEstudo histoquimico e ultra-estrutural do colageno na fibrose periglandular do endometrio equino
260 3 _aSao Paulo, SP (Brasil):
_c1992.
300 _a348 p.
500 _a48 illus.; Summaries (Eng, Por); Bibliography p. 99-119 (169 ref.)
650 _aEquino
650 _aEgua
650 _aFibra Animal
650 _aHistoquimica
909 _a202309
_bLucia
_c55
_dLucia Elande
942 _cBK
999 _c48578
_d48578